Countries that have been/is part of Norway - Statistics

General Stats
  • This quiz has been taken 2,480 times
    2,404 since last reset
  • The average score is 8 of 10
Answer Stats
Country % Correct
Sweden
99%
Denmark
98%
Finland
94%
Russia
92%
United Kingdom
91%
Iceland
86%
Ireland
81%
Canada
74%
France
73%
Norway
39%
No matching quizzes found
Score Distribution
Percent of People with Each Score
Percentile by Number Answered
Your Score History
You have not taken this quiz since the last reset